LEADER 00654naa a2200145 i 4500 001 000000299551 003 CaOOAMICUS 005 20180831172646.0 008 180831n xx u000 u und u 013 $a7201 040 $aSeMil$bita 100 1 $aColzani, Gianni,$d<1940- >.$0(OLS)http://semarc/name/3154 245 10$aAssolutezza del cristianesimo? Sul pluralismo religioso, in risposta ad Angelo Amato. 773 0 $tCristianesimo, religione, religioni.$dCinisello Balsamo : San Paolo, copyr. 1999.$kATI Library$z88-215-3958-X$w()73117 996 $6245$aAssolutezza del cristianesimo? Sul pluralismo religioso, in risposta ad Angelo Amato$9(OLS)http://semarc/title/375580 LEADER 00990nam a2200217 i 4500 001 000000021958 003 CaOOAMICUS 005 20180830125445.0 008 180830s2009 it u000 u ita u 040 $aSeMil$bita 245 10$aBuona notizia. 260 $aBologna :$bEDB,$c2009-[20--?] 300 $av. ;$c26 cm. 650 4$aCatechesi - Adulti - Educazione cristiana.$0(OLS)http://semarc/subject/3455 650 4$aEvangelizzazione - Sussidi.$0(OLS)http://semarc/subject/3456 650 4$aCatechesi - Famiglia - Educazione cristiana.$0(OLS)http://semarc/subject/3457 650 4$aCatechesi - Adolescenti - Educazione cristiana.$0(OLS)http://semarc/subject/3454 774 0 $aSartor, Paolo$tPronti... via!.$dBologna : EDB, 2009.$z978-88-10-61346-7$g1$w()181431 774 0 $aSartor, Paolo$tPronti... via!.$dBologna : EDB, 2009.$z978-88-10-61347-4$g1$w()181432 996 $6245$aBuona notizia$9(OLS)http://semarc/title/29178 996 $6260$aBologna :$bEDB$9(OLS)http://semarc/publisher/29669